000 00719nam a2200289Ia 4500
005 20260324142422.0
008 008 260324s9999 xx 000 0 eng d
020 _a9780429034534
037 _aEBOOK
040 _aCRL
040 _beng
040 _cCRL
041 _2eng
041 _aeng
084 _qCRL
100 _aJoan DeBardeleben
_91187889
245 0 _aEnvironmental Security And Quality After Communism
245 0 _bEastern Europe And The Soviet Successor States
260 _bTaylor and Francis
260 _c1995
365 _a
365 _b230
856 _uhttp://www.taylorfrancis.com/books/9780429034534
942 _cEBOOK
999 _c1816039
_d1816039